000 00235nam a2200097Ia 4500
008 120527s9999 xx 000 0 und d
100 _aGreer,A.
245 _aA complrete GCSE maths Higher course.
260 _bThornes(Pub)
942 _cBK
999 _c22144
_d22144